GLOBAL3:GLOBAL BUSINESS (Record no. 215934)
[ view plain ]
| 000 -LEADER | |
|---|---|
| fixed length control field | 00515nam a22001817a 4500 |
| 008 - FIXED-LENGTH DATA ELEMENTS--GENERAL INFORMATION | |
| fixed length control field | 250718b |||||||| |||| 00| 0 eng d |
| 020 ## - INTERNATIONAL STANDARD BOOK NUMBER | |
| International Standard Book Number | 978-1-305-62721-5 |
| 050 ## - LIBRARY OF CONGRESS CALL NUMBER | |
| Classification number | HF 1379 .P462 2016 |
| Item number | 109277 |
| 100 ## - MAIN ENTRY--PERSONAL NAME | |
| Personal name | MIKE, BENG W. |
| 245 ## - TITLE STATEMENT | |
| Title | GLOBAL3:GLOBAL BUSINESS |
| 260 ## - PUBLICATION, DISTRIBUTION, ETC. | |
| Place of publication, distribution, etc. | USA |
| Name of publisher, distributor, etc. | CENGAGE LEARNING,BOSTON,MA,2016 |
| Date of publication, distribution, etc. | 2016 |
| 300 ## - PHYSICAL DESCRIPTION | |
| Extent | III-262P. |
| 500 ## - GENERAL NOTE | |
| General note | IT HAS MAPS AT THE BACK |
| 650 ## - SUBJECT ADDED ENTRY | |
| Topical term or geographic name entry element | COMMERCE,INTERNATIONAL GLOBAIZATION |
| 700 ## - ADDED ENTRY--PERSONAL NAME | |
| Personal name | MIKE BENG |
| 942 ## - ADDED ENTRY ELEMENTS (KOHA) | |
| Source of classification or shelving scheme | Library of Congress Classification |
| Koha item type | Long Loan Book |
| Withdrawn status | Lost status | Source of classification or shelving scheme | Damaged status | Not for loan | Collection | Home library | Current library | Shelving location | Date acquired | Inventory number | Total checkouts | Full call number | Barcode | Date last seen | Copy number | Price effective from | Koha item type |
|---|---|---|---|---|---|---|---|---|---|---|---|---|---|---|---|---|---|
| Library of Congress Classification | Business & Economics | Kisii University Library | Kisii University Library | On Display | 07/18/2025 | 109277 | HF 1379.P4622016 | 000000017936 | 07/18/2025 | C.1 | 07/18/2025 | Long Loan Book | |||||
| Library of Congress Classification | Business & Economics | Kisii University Library | Kisii University Library | On Display | 07/18/2025 | 109278 | HF 1379.P4622016 | 000000017833 | 07/18/2025 | C.2 | 07/18/2025 | Long Loan Book | |||||
| Library of Congress Classification | Business & Economics | Kisii University Library | Kisii University Library | On Display | 07/18/2025 | 109279 | HF 1379.P4622016 | 000000017924 | 07/18/2025 | C.3 | 07/18/2025 | Long Loan Book | |||||
| Library of Congress Classification | Business & Economics | Kisii University Library | Kisii University Library | On Display | 07/18/2025 | 109280 | HF 1379.P4622016 | 000000017923 | 07/18/2025 | C.4 | 07/18/2025 | Long Loan Book | |||||
| Library of Congress Classification | Business & Economics | Kisii University Library | Kisii University Library | On Display | 07/18/2025 | 109281 | HF 1379.P4622016 | 07/18/2025 | C.5 | 07/18/2025 | Long Loan Book |